El Pajarillo
সংরক্ষণ করুন:
| প্রধান লেখক: | |
|---|---|
| বিন্যাস: | গ্রন্থ |
| ভাষা: | স্প্যানিশ |
| প্রকাশিত: |
Buenos Aires
Ricordi Americana
1948
|
| সংস্করন: | 1a. ed |
| মালা: | Bailes Tradicionales Argentinos, 14
|
| বিষয়গুলি: | |
| ট্যাগগুলো: |
ট্যাগ যুক্ত করুন
কোনো ট্যাগ নেই, প্রথমজন হিসাবে ট্যাগ করুন!
|
MARC
| LEADER | 00000cam a2200000 a 4500 | ||
|---|---|---|---|
| 001 | UCF1259 | ||
| 003 | CL-VaPUC | ||
| 008 | 120629e19480000AG |||||||||||||||||spa|d | ||
| 082 | 0 | 4 | |a 793.31982 |b VEG |2 21 |
| 100 | 0 | |a Vega, Carlos |e author |9 344560 | |
| 245 | 1 | 3 | |a El Pajarillo |
| 250 | |a 1a. ed | ||
| 300 | |a 22 p | ||
| 942 | |c BK | ||
| 945 | |d 20120629 00:00:00 |a cmena | ||
| 260 | |a Buenos Aires |b Ricordi Americana |c 1948 | ||
| 650 | 0 | |a Bailes folkloricos |9 409912 | |
| 650 | 0 | |a Bailes tradicionales |9 476800 | |
| 650 | 0 | |a Música folklórica argentina |9 435964 | |
| 650 | 7 | |a PAJARILLO |2 CL-VaPUC |9 562850 | |
| 583 | |a last modification |c 20120629 12:35:00 |k Rodrigo Vera | ||
| 490 | 0 | |a Bailes Tradicionales Argentinos, 14 | |
| 999 | |c 348143 |d 348141 | ||
| 952 | |0 0 |1 0 |4 0 |6 793_319820000000000_VEG_1948 |7 0 |8 X |9 450035 |a FDOMLP |b FDOMLP |d 2019-11-22 |i 4811054 |o 793.31982 VEG 1948 |p 4811054 |r 2019-11-22 |w 2019-11-22 |y BK_X |k BU2 | ||